Nedostatok ľudí trápi štvrtinu stavebných firiem

Veľmi malý záujem mladých o stavebné odbory. Málo atraktívna práca, hoci dobre platená. Nedostatok robotníckych profesií na trhu práce. Tretina stavebnej práce vykonávaná živnostníkmi. Odbory s najvyšším a najnižším dopytom. Pokles záujmu o vysokoškolské vzdelávanie v odbore stavebníctvo.

Saved in:
Bibliographic Details
Main Author: Horáková, Jarmila
Format: Book Chapter
Language:Slovak
Subjects:
Tags: Add Tag
No Tags, Be the first to tag this record!

MARC

LEADER 00000naa a2200000 4500
001 0237413
005 20221104112704.2
041 0 |a slo 
044 |a SK 
245 1 0 |a Nedostatok ľudí trápi štvrtinu stavebných firiem  |c Jarmila Horáková 
520 |a Veľmi malý záujem mladých o stavebné odbory. Málo atraktívna práca, hoci dobre platená. Nedostatok robotníckych profesií na trhu práce. Tretina stavebnej práce vykonávaná živnostníkmi. Odbory s najvyšším a najnižším dopytom. Pokles záujmu o vysokoškolské vzdelávanie v odbore stavebníctvo. 
610 2 0 |a stavebníctvo 
610 2 0 |a vzdelávanie 
610 2 0 |a školy stredné odborné 
610 2 0 |a školy vysoké odborné 
610 2 0 |a trh práce 
610 2 0 |a robotníci odborní 
100 1 |a Horáková, Jarmila